| 000 | 00617nam a2200217 a 4500 | ||
|---|---|---|---|
| 005 | 20240911063937.0 | ||
| 008 | 031010s1971 mx r 000 0 spa d | ||
| 035 | _aUPN01000129933 | ||
| 049 | _aCG | ||
| 050 | 4 |
_aTP823 _bO7.38 |
|
| 100 | 1 | _aOrtengren, K. | |
| 245 | 1 | 0 | _aDecoración de loza y porcelna / |
| 250 | _aK. Ortengren, A. G. Lundgren ; tr. Juan Jorge Thomas. | ||
| 260 |
_aBuenos Aires : _bKapelusz, _c1971. |
||
| 300 |
_a71 p. : _bil. (algunas col.) |
||
| 440 | 0 |
_aCómo hacer ; _v10 |
|
| 650 | 4 | _aPORCELANA | |
| 650 | 2 |
_aArtesanías _92069 |
|
| 700 | 1 |
_aLundgren, A. G., _ecoaut. |
|
| 905 | _aLibro | ||
| 999 |
_c102090 _d102090 |
||